00625nam a22002057a 4500003001100000005001700011008004100028020001500069040003900084041000800123082001600131100002300147245005300170260003500223300005800258650002200316650002900338650002700367700002500394LK-CoMWRAF20240113122151.0240105b1998 |||||||| |||| 00| 0 eng d a0070075115 aLK-CoMWRAFdLK-CoMWRAFeLK-CoMWRAF aeng a370.15bABB a Abbeduto, Leonard a Guide to human development for future educators aBoston : bMcgraw-Hill, c1998 aviii, 112 p. ; 23 cmbBibliography and index included aChild Development aDevelopmental psychology aEducational psychology aElliott, Stephen N.